000 00659nam a2200205Ia 4500
003 GCL
008 140319s9999 xx 000 0 ara d
040 _aGCL /
_cGCL
082 0 4 _a956.905
_bم م
100 1 _aمحمد نصر مهنا
245 1 0 _aمشكلة فلسطين والصراع الدولى 1945 - 1967 /
_cمحمد نصر مهنا
260 _a[S.N] :
_bمعهد البحوث والدراسات العربية ،
_c1978
300 _a231
490 _a
650 0 4 _aالنزاع العربى الاسرائيلى
650 0 4 _aفلسطين
650 0 4 _aاسرائيل
650 0 4 _aالقضية الفلسطينية
942 _2ddc
_cBK
999 _c31701
_d31701